Countries Bordering Unknown Country #32 - Statistics

General Stats
  • This quiz has been taken 441 times
  • The average score is 7 of 7
Answer Stats
Bordering Country Answer % Correct
C Chad
98%
N Nigeria
98%
C Central African Republic
94%
G Gabon
93%
R Republic of the Congo
93%
E Equatorial Guinea
92%
Cameroon
91%
No matching quizzes found
Score Distribution
Percent of People with Each Score
Percentile by Number Answered
Your Score History
You have not taken this quiz